| 000 | 01360nam a2200349 a 4500 | ||
|---|---|---|---|
| 001 | 000048733 | ||
| 003 | DO-SdBPM | ||
| 005 | 20250514113123.0 | ||
| 008 | 190412s2016 dr ac 000 p spa d | ||
| 020 | _a9789945484175 | ||
| 040 |
_aDO-SdBPM _bspa _cBPMSU _erda |
||
| 082 | 4 |
_aRD863.5 _bB862c 2016 _222 |
|
| 100 | 1 |
_aBrito, Orianny _d1999- |
|
| 245 | 1 | 0 |
_aCuentos de memoria / _cOrianny Brito ; ilustraciones Domingo Guzmán ; instructores Ramón Mesa, Ysabel Florentino, Jesús Cordero. |
| 260 |
_aSan Cristobal, República Dominicana : _bFundación Literaria Aníbal Montaño, _c2016. |
||
| 300 |
_a50 p. : _bil., retrs. ; _c22 cm. |
||
| 490 | 0 |
_aNueva Literatura Infantil Dominicana; _aMarca Provincia |
|
| 500 | _aPromoción 101 niños poetas de San Cristóbal | ||
| 500 | _aTalleres literarios Mi barrio en Letras | ||
| 500 | _a10mo. Aniversaro | ||
| 590 | _aInventariado, 2025/ VM | ||
| 650 | 4 | _aCuentos juveniles dominicanos | |
| 650 | 4 | _aLiteratura juvenil dominicana | |
| 650 | 4 |
_aSueños _vCuentos juveniles |
|
| 700 | 1 |
_aGuzmán, Domingo _eilustraciones |
|
| 700 | 1 |
_aMesa, Ramón _einstructor |
|
| 700 | 1 |
_aFlorentino, Ysabel, _d1981- _einstructor |
|
| 700 | 1 |
_aCordero, Jesús _einstructor |
|
| 710 | 1 |
_aRepública Dominicana _bFundación Literaria Aníbal Montaño |
|
| 910 | _aVMateo V. Control de calidad. | ||
| 942 |
_2ddc _cBK |
||
| 999 |
_c15052 _d15052 |
||